| 000 | 00536cam a22002174a 4500 | ||
|---|---|---|---|
| 005 | 20250605164312.0 | ||
| 008 | 250528s ||||||||||||||||||||||||d | ||
| 035 | _a22552 | ||
| 020 | _a9780130835710 | ||
| 040 |
_aGR-AtMCL _bgre _dGR-AtMCL _eAACR2 |
||
| 245 | 1 | _aADVERTISING: PRINCIPLES AND PRACTICE | |
| 250 | _a1 | ||
| 260 |
_bPrentice Hall, _c2000 |
||
| 300 | _a562 | ||
| 700 | 1 |
_aBurnett John _91391 |
|
| 700 | 1 |
_aMoriarty Sandra _91392 |
|
| 700 | 1 |
_aWells William _98334 |
|
| 942 | _cBK | ||
| 999 |
_c7600 _d7600 |
||